| 000 | 00500cam a22001337a 4500 | ||
|---|---|---|---|
| 008 | 180718b1965 xxu||||| |||| 00| 0 eng d | ||
| 082 | _aDx42 C726 | ||
| 100 | _aColvin, Ian | ||
| 245 |
_aVansittart in office: an historical survey of the origins of the second world war based on the papers of Sir Robert Vansuttart _cby Ian Colvin |
||
| 260 |
_aLondon _bGollancz _c1965 |
||
| 300 | _a360p. | ||
| 650 | _aWorld War, 1939-1945 --Causes | ||
| 650 | _aVansittart, Robert Gilbert Vansittart, Baron, 1881-1957 | ||
| 999 |
_c362949 _d362949 |
||